000 00290nam a22001337a 4500
008 170715b xxu||||| |||| 00| 0 eng d
020 _a465082289
041 _aeng
080 _a572
100 _a24
101 _aANT
245 _aSTRUCTURAL ANTHROPOLOGY
_cSTRAUSS,C.L
942 _2udc
_cBK
999 _c21057
_d21057